000 00562nam a22001697a 4500
020 _qHard Cover.
082 _a200
100 _aAftab, Hussain
245 _aFuzzy Cooperative Control for a Team of Mobile Robots /
_cHussain Aftab.
260 _aKarachi:
_bPNEC NUST
_c22017
300 _axi, 56. : ill. ;
_c30cm.
650 _aMS-Electrical Engineering
_923567
700 _aSupervisor:Dr. Bilal Kadri.
_9128793
856 _u http://10.250.8.41:8080/xmlui/handle/123456789/22428
942 _2ddc
_cSC
999 _c535390
_d535390